Εξοικονόμηση Ενέργειας / Σημειώσεις για τους Σπουδαστές του Τμήματος Μηχανολογίας: Τεχνολογικό Εκπαιδευτικό Ίδρυμα Λάρισας - Τμήμα Μηχανολογίας (Record no. 5764)
[ view plain ]
| 000 -LEADER | |
|---|---|
| fixed length control field | 01721cam a22001694a 4500 |
| 005 - ΗΜΕΡΟΜΗΝΙΑ ΚΑΙ ΩΡΑ ΤΕΛΕΥΤΑΙΑΣ ΕΝΗΜΕΡΩΣΗΣ | |
| Πεδίο ελέγχου | 20250605163514.0 |
| 008 - FIXED-LENGTH DATA ELEMENTS--GENERAL INFORMATION | |
| Πεδίο ελέγχου σταθερού μήκους | 250528s ||||||||||||||||||||||||d |
| 035 ## - SYSTEM CONTROL NUMBER | |
| System control number | 20678 |
| 040 ## - ΠΗΓΗ ΚΑΤΑΛΟΓΟΓΡΑΦΗΣΗΣ | |
| Φορέας πρωτότυπης καταλογογράφησης | MC Athens Campus Library |
| Γλώσσα καταλογογράφησης | Ελληνικά, Μοντέρνα (1453-) |
| Modifying agency | MC Athens Campus Library |
| Κανόνες περιγραφικής καταλογογράφησης | AACR2 |
| 245 1# - ΤΙΤΛΟΣ ΚΑΙ ΔΗΛΩΣΗ ΥΠΕΥΘΥΝΟΤΗΤΑΣ | |
| Τίτλος | Εξοικονόμηση Ενέργειας / Σημειώσεις για τους Σπουδαστές του Τμήματος Μηχανολογίας: Τεχνολογικό Εκπαιδευτικό Ίδρυμα Λάρισας - Τμήμα Μηχανολογίας |
| 260 ## - PUBLICATION, DISTRIBUTION, ETC. | |
| Name of publisher, distributor, etc. | Τεχνολογικό Εκπαιδευτικό Ίδρυμα Λάρισας, |
| Date of publication, distribution, etc. | 1998 |
| 300 ## - PHYSICAL DESCRIPTION | |
| Extent | 90 |
| 520 ## - SUMMARY, ETC. | |
| Summary, etc. | Πρόλογος, Εισαγωγή, Μεθοδολογίες Εξοικονόμησης Ενέργειας στη Βιομηχανία, Θέρμανση των Χώρων, Εξοικονόμηση Ενέργειας στην Παραγωγή και Μεταφορά του Ατμού, Βαθμός Απόδοσης Ατμολέβητων, Εξοικονόμηση Ηλεκτρικής Ενέργειας στη Βιομηχανία, Μεθοδολογίες Εξοικονόμησης Ενέργειας στις Κατοικίες, Πηγές Ενέργειας, Γενικά, Καύσιμα, Ηλιακή Ενέργεια, Αιολική Ενέργεια, Γεωθερμική Ενέργεια, Πυρηνική Ενέργεια, Εξοικονόμηση Ενέργειας από τα Απόβλητα και τη Βιομάζα, Δίκτυα Ατμών και Συμπυκνωμάτων, Συστήματα Ανάκτησης Ατμού (flash-steam), Συστήματα Παραγωγής Flash Steam, Βιβλιογραφία. |
| 942 ## - ADDED ENTRY ELEMENTS (KOHA) | |
| Koha item type | Books |
| Τύπος τεκμηρίου | Βιβλιοθήκη | Τρέχουσα τοποθεσία | Barcode | Αριθμός εισαγωγής | Ημερομηνία απόκτησης | Ταξιθετικό σύμβολο | Αριθμός αντιτύπου | Κατάσταση απόσυρσης | Κατάσταση χαμένου | Κατάσταση κατεστραμμένου | Μη δανεισμός | Σύνολο δανεισμών | Ημερομηνία τελευταίας εμφάνισης | Η τιμή ισχύει από |
|---|---|---|---|---|---|---|---|---|---|---|---|---|---|---|
| Books | MC Athens Campus Library | MC Athens Campus Library | 9780000057631 | 7277 | 05/06/2025 | 333.79 HAT | 1 | 05/06/2025 | 05/06/2025 |